LEADER 01043nam0-22003491i-450- 001 990007913690403321 005 20150421092859.0 010 $a88-7989-728-4 035 $a000791369 035 $aFED01000791369 035 $a(Aleph)000791369FED01 035 $a000791369 100 $a20040908d2002----km-y0itay50------ba 101 1 $aita 102 $aIT 105 $ay-------001yy 200 1 $a<>avvocato del diavolo$eil ruolo della superstizione nelle società umane$fJames George Frazer$ga cura di Cristiano Camporesi 210 $aRoma$cDonzelli$d2002 215 $aXXVI, 212 p.$d21 cm 225 1 $aUniversale$v53 610 0 $aSuperstizione$aAspetti socio-culturali 676 $a398.41 676 $a306.4 700 1$aFrazer,$bJames George$c$061951 702 1$aCamporesi,$bCristiano 801 0$aIT$bUNINA$gRICA$2UNIMARC 901 $aBK 912 $a990007913690403321 952 $a306.4 FRA 2$bBibl. 4506$fFLFBC 959 $aFLFBC 996 $aAvvocato del diavolo$9506566 997 $aUNINA LEADER 01370nam0 2200289 450 001 000034621 005 20141120151743.0 100 $a20130411d2012----km-y0itay50------ba 101 0 $afre 102 $aIT 105 $aa---m-------- 200 1 $aCaractérisation de matériaux en pierre, identification des causes et ampleur de la dégradation$bTesi di dottorato$fdottoranda: Laura Fraddosio Boccone$gtutor: Laura Scrano$gco-tutor: Philippe Bromblet$gcoordinatore: Sabino Aurelio Bufo 210 $a[Potenza]$d2012 215 $a92 p.$cill.$d30 cm. 328 1$aSul frontespizio: Università degli Studi della Basilicata, Dottorato di ricerca in Crop systems, forestry and environmental sciences, XXIV ciclo, A.a. 2011-2012 676 $a550$v(22. ed.)$9Scienze della terra 686 $aAGR/13$cChimica agraria 700 1$aFraddosio Boccone,$bLaura$0446380 801 0$aIT$bUniversità della Basilicata - B.I.A.$gREICAT$2unimarc 912 $a000034621 996 $aCaractérisation de matériaux en pierre, identification des causes et ampleur de la dégradation$91529637 997 $aUNIBAS BAS $aAGRARIA CAT $aSTD088$b01$c20130411$lBAS01$h1215 CAT $aTTM$b30$c20141120$lBAS01$h1517 FMT Z30 -1$lBAS01$LBAS01$mBOOK$1BASA2$APolo Tecnico-Scientifico$2TDO$BTesi di Dottorato$3TDA.24c.FBL1$528568-10$820130411$f98$FConsultazione